| 000 | 00353nam a2200145Ia 4500 | ||
|---|---|---|---|
| 008 | 150301s2014 xx 000 0 und d | ||
| 082 |
_a618.1 _bS14S |
||
| 100 | _aSETCHELL,MARCUSE | ||
| 245 | _aSHAW'S TB. OF OPERATIVE GYNAECOLOGY | ||
| 250 | _a7TH | ||
| 260 |
_bELSEVIER _aINDIA _c2014 |
||
| 300 | _a425 | ||
| 650 | _aOBST. & GYNE | ||
| 942 |
_2ddc _cBK _01 |
||
| 999 |
_c6648 _d6648 |
||